000
00277nam a2200109Ia 4500
001
1261809
005
20260417140359.0
008
260417s9999 xx 000 0 und d
020
_a
9786253694760
245
0
_a
Verda’nın Ölümü
_c
İnci Aral
260
_b
Everest Yayınları
999
_c
1261809
_d
1261809